| 000 | 00401nam a22001697a 4500 | ||
|---|---|---|---|
| 003 | OSt | ||
| 005 | 20251027152123.0 | ||
| 007 | 863 pages | ||
| 008 | 251027b |||||||| |||| 00| 0 eng d | ||
| 020 | _a9789366604770 | ||
| 040 | _c | ||
| 082 |
_210 _a332 _bMAN |
||
| 245 |
_aPrinciples of economics _cMankiw,Gregory N |
||
| 250 | _a7 | ||
| 260 |
_bCengage _cPearson |
||
| 942 |
_2ddc _cBK _e7 _k332 _mMAN _n0 |
||
| 999 |
_c36281 _d36281 |
||